000
00277nam a2200109Ia 4500
008
200302s9999 xx 000 0 und d
100
_a
Andrew Foyle
245
_a
Bristol : Pevsner Architectural Guides
260
_b
Yale University Press, London
260
_c
2004
300
_a
324
999
_c
4588
_d
4588